000 00680nam a2200205Ii 4500
003 JO-AjNU
008 230605s9999||||xx |||||||||||||| ||und||
040 _aJO-AjNU
_bara
_erda
_cJO-AjNU
041 _aara
050 1 4 _aQ182.S.A431 975
100 3 _aعبدالجواد، أحمد فؤاد,
_eauthor
_935837
245 0 0 _aالمعمل وتدريس العلوم
250 _aد.ط
264 3 1 _aالقاهرة: مكتبة الانجلو المصرية، 1975
300 _a192ص
336 _atext
_btxt
_2rdacontent
337 _aunmediated
_bn
_2rdamedia
338 _avolume
_bnc
_2rdacarrier
650 4 _aعلوم - مختبرات -علوم تعلم وتعليم
_935838
999 _aA14833
_c18401
_d18401